| 000 | 00354nam a2200133 a 4500 | ||
|---|---|---|---|
| 001 | 3852 | ||
| 003 | CDMR | ||
| 005 | 20130116135249.0 | ||
| 008 | 130130s2003||||||||||||||||||||||||||||d | ||
| 040 |
_aCDMR _bcat _cCPC GIRONA |
||
| 245 | 0 | _aActes del 2n Congrés Europeu sobre planificació lingüística | |
| 260 |
_c2003 _bGeneralitat de Catalunya |
||
| 942 | _cMON | ||
| 999 |
_c3852 _d3852 |
||